000 00801nam a2200217Ia 4500
999 _c165889
_d165889
003 LDD
005 20190614143118.0
008 190117s9999 xx 000 0 und d
020 _a9788171198634
_c₹395
040 _cLDD
041 _ahi
082 _223
_a8H3.7 भ3916 -25
100 _aभंडारी, मन्नू
_eलेखक
_96379
245 0 _aआपका बंटी/
_cमन्नू भंडारी
260 _bराधाकृष्ण प्रकाशन
_c2015
_aदिल्ली
300 _ax, 207
650 _aहिंदी उपन्यास
_96380
901 _aSTAR
904 _aReqst by : Shatrughna Kumar
942 _2ddc
_cH
_e23
_h8H3.7 भ3916 -25